Catalog

Record Details

Catalog Search



Vavřince z Březové kronika husitská  Cover Image Book Book

Vavřince z Březové kronika husitská / Vavřinec z Březové ; k novému vydání upravil Ant. Dolenský

Vavřinec z Březové (Author). Dolenský, Antonín (Added Author).

Record details

  • Physical Description: 133 s.
  • Publisher: Praha František Strnad 1940

Available copies

  • 1 of 1 copy available at Common Catalog SPOK.

Holds

  • 0 current holds with 1 total copy.
Show All Copies
Location Call Number / Copy Notes Barcode Shelving Location Status Due Date
ETS Library 284.3 424470004577 Volný výběr Available -

LDR 00753nam a2 00253
00143260
003CZ-PrJAB
00520030808000000.0
008030725s1940 xr e |||| |cze
009cz
035 . ‡a(CONS)9723
035 . ‡aKPS11734
040 . ‡aABG450
041 . ‡acze
08214. ‡a284.3
100 . ‡aVavřinec z Březové
245 . ‡aVavřince z Březové kronika husitská / ‡cVavřinec z Březové ; k novému vydání upravil Ant. Dolenský
260 . ‡aPraha ‡bFrantišek Strnad ‡c1940
300 . ‡a133 s.
490 . ‡aČeské kroniky ‡vsvazek 1.
653 . ‡aVavřince z Březové kronika husitská
700 . ‡75745 ‡aDolenský, Antonín
8524 . ‡bETS ‡bETS ‡cVolný výběr ‡j284.3 ‡gA ‡p424470004577
910 . ‡aABG450
999 . ‡a9723 ‡bAUTOGEN ‡c9723 ‡tbiblio
905 . ‡uadmin
901 . ‡a43260 ‡b ‡c43260 ‡tbiblio ‡sets

Additional Resources